[Event "CZE-chT2D 1314"]
[Site "Czechia"]
[Date "2013.12.01"]
[Round "3.5"]
[White "Petuchov, Sergej"]
[Black "Masek, Jan"]
[Result "1/2-1/2"]
[WhiteElo "2118"]
[BlackElo "1937"]
[PlyCount "86"]
[EventDate "2013.11.03"]
[EventType "team-tourn"]
[EventRounds "11"]
[EventCountry "CZE"]
[SourceTitle "EXT 2016"]
[Source "ChessBase"]
[SourceDate "2015.10.10"]
[SourceVersion "1"]
[SourceVersionDate "2015.10.10"]
[SourceQuality "1"]
[WhiteTeam "Pardubice AKIS"]
[BlackTeam "Havlickuv Brod"]
[WhiteTeamCountry "CZE"]
[BlackTeamCountry "CZE"]

1. e4 e5 2. Nf3 Nc6 3. c3 d5 4. Qa4 f6 5. Bb5 Nge7 6. exd5 Qxd5 7. O-O a6 8.
Na3 Bd7 9. Bc4 Na5 10. Qb4 Nxc4 11. Qxc4 Qxc4 12. Nxc4 Bb5 13. b3 Nd5 14. Rd1
O-O-O 15. Ncxe5 Nxc3 16. Re1 Ne2+ 17. Rxe2 Bxe2 18. Nf7 Bb4 19. Nxh8 Bc3 20.
Nf7 Rd7 21. Bb2 Bxb2 22. Re1 Re7 23. Kh1 Kd7 24. N7e5+ Bxe5 25. Rxe2 Kd6 26. d4
Bf4 27. Rc2 b6 28. g3 Bh6 29. Kg2 Kd5 30. Kf1 g6 31. Rc4 a5 32. h3 c6 33. Ra4
Re4 34. b4 axb4 35. Rxb4 b5 36. Rb2 Bf8 37. Rc2 Bb4 38. Rc1 Ba3 39. Rc2 Bb4 40.
h4 h5 41. Rc1 Ba3 42. Rc2 Bb4 43. Rc1 Ba3 1/2-1/2

[Event "SLO-chT"]
[Site "Slovenia"]
[Date "2013.11.30"]
[Round "5"]
[White "Praznik, Anton"]
[Black "Vida, Evgen"]
[Result "1/2-1/2"]
[WhiteElo "2163"]
[BlackElo "1903"]
[PlyCount "131"]
[EventDate "2013.11.22"]
[EventType "team-tourn"]
[EventRounds "9"]
[EventCountry "SLO"]
[SourceTitle "EXT 2015"]
[Source "ChessBase"]
[SourceDate "2014.11.20"]
[SourceVersion "1"]
[SourceVersionDate "2014.11.20"]
[SourceQuality "1"]
[WhiteTeam "Vrhnika"]
[BlackTeam "Rokada Lendava"]
[WhiteTeamCountry "SLO"]
[BlackTeamCountry "SLO"]

1. e4 e5 2. Nf3 Nc6 3. c3 Nf6 4. d4 d6 5. Bb5 Bd7 6. O-O Qe7 7. Re1 g6 8. dxe5
dxe5 9. Nbd2 Bh6 10. Nc4 Bxc1 11. Rxc1 O-O 12. Qd2 Rfe8 13. Qg5 Ng4 14. Qxe7
Rxe7 15. h3 Nf6 16. Ba4 a6 17. Ne3 Rae8 18. Nd5 Nxd5 19. exd5 Nb8 20. Bb3 Kg7
21. Re3 h6 22. Rce1 f6 23. c4 b6 24. Bc2 Rd8 25. b4 Be8 26. Bb3 c6 27. Nd4 cxd5
28. cxd5 Bf7 29. Nc6 Nxc6 30. dxc6 Bxb3 31. Rxb3 Rc7 32. Rc1 Rd6 33. Ra3 Rd4
34. Ra4 a5 35. bxa5 bxa5 36. Rxa5 Rd6 37. Ra6 Kf7 38. Kf1 Ke6 39. Ke2 h5 40. g3
Rd4 41. Rc3 g5 42. a4 h4 43. gxh4 Rxh4 44. a5 Ra4 45. Kd2 Kd5 46. Rd3+ Kc5 47.
Rc3+ Kd5 48. Rf3 Rf4 49. Rxf4 exf4 50. Kd3 f5 51. f3 Kc5 52. Rb6 Rc8 53. c7
Rxc7 54. Rg6 Rf7 55. a6 Rd7+ 56. Kc3 Re7 57. Rxg5 Re3+ 58. Kb2 Kb6 59. Rxf5
Rxf3 60. Rf6+ Ka7 61. h4 Rf2+ 62. Kc3 f3 63. Kd3 Rh2 64. Rh6 Re2 65. h5 Re5 66.
Rf6 1/2-1/2

[Event "FICS rated standard game"]
[Site "FICS freechess.org"]
[Date "2013.11.30"]
[Round "?"]
[White "yeudielflores"]
[Black "varishnakov"]
[Result "1-0"]
[WhiteElo "2260"]
[BlackElo "2003"]
[PlyCount "121"]
[EventDate "2013.??.??"]
[SourceTitle "OM Portal C 201906"]
[Source "Opening Master"]
[SourceDate "2019.06.27"]
[SourceVersion "1"]
[SourceVersionDate "2019.06.27"]
[SourceQuality "1"]

1. e4 e5 2. Nf3 Nc6 3. c3 Nf6 4. d4 Nxe4 5. Bd3 d5 6. dxe5 Bc5 7. Bxe4 dxe4 8.
Qxd8+ Kxd8 9. Ng5 Nxe5 10. Nxe4 Nd3+ 11. Ke2 Nxc1+ 12. Rxc1 Re8 13. Kd3 Bf5 14.
Nbd2 c6 15. b4 Bf8 16. f3 Kc7 17. Nb3 Rad8+ 18. Kc2 Bxe4+ 19. fxe4 Rxe4 20. Re1
Rde8 21. Rxe4 Rxe4 22. Rf1 f6 23. Kd3 Re5 24. Nd4 c5 25. bxc5 Bxc5 26. a4 a6
27. g4 Bxd4 28. cxd4 Ra5 29. Re1 Kd7 30. Rb1 b5 31. axb5 Rxb5 32. Re1 a5 33.
Kc4 Rb7 34. Ra1 Ra7 35. Kc5 a4 36. Kb6 Ra8 37. Kb7 Ra5 38. Kb6 Rg5 39. h4 Rxg4
40. Kc5 Rxh4 41. Rxa4 Rh5+ 42. d5 Rg5 43. Ra7+ Ke8 44. Ra8+ Kf7 45. Ra7+ Kg6
46. Kc6 Rg2 47. d6 Rc2+ 48. Kb5 Rd2 49. Kc6 h5 50. d7 h4 51. Ra2 Rd3 52. Ra8
Kh5 53. Ra5+ Kg4 54. Rd5 Rc3+ 55. Kd6 h3 56. d8=Q h2 57. Qh8 Rh3 58. Qxg7+ Kf3
59. Qxf6+ Kg3 60. Rg5+ Kh4 61. Qf4# 1-0

[Event "Santander Departamental-ch"]
[Site "Santander"]
[Date "2013.11.29"]
[Round "4"]
[White "Navas, Gildardo"]
[Black "Cardenas Rodriguez, Danilo"]
[Result "0-1"]
[WhiteElo "1521"]
[BlackElo "1421"]
[PlyCount "43"]
[EventDate "2013.11.28"]
[EventType "swiss"]
[EventRounds "8"]
[EventCountry "COL"]
[SourceTitle "CBM 157 Extra"]
[Source "ChessBase"]
[SourceDate "2013.12.19"]
[SourceVersion "1"]
[SourceVersionDate "2013.12.19"]
[SourceQuality "1"]

1. e4 e5 2. Nf3 Nc6 3. c3 Nf6 4. Bd3 Bc5 5. Bc2 O-O 6. d4 exd4 7. cxd4 Nxd4 8.
Nxd4 d6 9. O-O Bg4 10. Qd3 Re8 11. Bg5 h6 12. Bh4 Bh5 13. Nc3 c6 14. Rae1 b5
15. Nxc6 Qc7 16. Bxf6 Qxc6 17. Qg3 Bg6 18. Bh4 b4 19. Nd5 Bd4 20. Qb3 a5 21.
Qa4 Qxa4 22. Bxa4 0-1

[Event "Santander Departamental-ch"]
[Site "Santander"]
[Date "2013.11.29"]
[Round "2"]
[White "Navas, Gildardo"]
[Black "Pinzon Alvarez, Juan David"]
[Result "1-0"]
[WhiteElo "1521"]
[BlackElo "1587"]
[PlyCount "51"]
[EventDate "2013.11.28"]
[EventType "swiss"]
[EventRounds "8"]
[EventCountry "COL"]
[SourceTitle "CBM 157 Extra"]
[Source "ChessBase"]
[SourceDate "2013.12.19"]
[SourceVersion "1"]
[SourceVersionDate "2013.12.19"]
[SourceQuality "1"]

1. e4 e5 2. Nf3 Nc6 3. c3 Nf6 4. Bd3 Nh5 5. Bc2 Bc5 6. O-O O-O 7. d4 exd4 8.
cxd4 Bb4 9. d5 Ne7 10. Ne5 d6 11. Qxh5 Qe8 12. Nd3 g6 13. Qh6 Qb5 14. Nxb4 Qxb4
15. b3 Qd4 16. Nc3 Qxc3 17. Rb1 Qxc2 18. Bb2 f6 19. h3 Qxe4 20. Rfe1 Nf5 21.
Rxe4 Nxh6 22. Rbe1 Bf5 23. Re7 Bd3 24. Rxc7 f5 25. Rg7+ Kh8 26. Ree7 1-0

[Event "Irkutsk-ch otbor"]
[Site "Irkutsk"]
[Date "2013.11.28"]
[Round "4"]
[White "Markov, Mikhail P"]
[Black "Kopylov, Oleg"]
[Result "0-1"]
[WhiteElo "1737"]
[BlackElo "1951"]
[PlyCount "46"]
[EventDate "2013.11.17"]
[EventType "swiss"]
[EventRounds "9"]
[EventCountry "RUS"]
[SourceTitle "EXT 2016"]
[Source "ChessBase"]
[SourceDate "2015.10.10"]
[SourceVersion "1"]
[SourceVersionDate "2015.10.10"]
[SourceQuality "1"]

1. e4 e5 2. Nf3 Nc6 3. c3 d5 4. Bb5 dxe4 5. Nxe5 Qg5 6. Nxc6 Qxb5 7. Nd4 Qg5 8.
g3 Bh3 9. Qe2 O-O-O 10. a4 Nf6 11. Na3 Bc5 12. Nac2 Rhe8 13. b4 Bxd4 14. cxd4
Qd5 15. Rg1 Ng4 16. Ra3 Nxh2 17. Qb5 Nf3+ 18. Rxf3 exf3+ 19. Kd1 Qb3 20. a5 Bd7
21. Qc5 Ba4 22. Rh1 Rxd4 23. Qc3 Qxc3 0-1

[Event "Barcelona Chavarria Memorial 2nd"]
[Site "Barcelona"]
[Date "2013.11.27"]
[Round "7"]
[White "Exposito Amaro, Josue"]
[Black "Sanchez Perales, Ezequiel"]
[Result "1-0"]
[WhiteElo "2325"]
[BlackElo "2122"]
[PlyCount "90"]
[EventDate "2013.10.16"]
[EventType "swiss"]
[EventRounds "9"]
[EventCountry "ESP"]
[SourceTitle "EXT 2015"]
[Source "ChessBase"]
[SourceDate "2014.11.20"]
[SourceVersion "1"]
[SourceVersionDate "2014.11.20"]
[SourceQuality "1"]

1. e4 e5 2. Nf3 Nc6 3. c3 Nf6 4. d4 d6 5. Bb5 Bd7 6. O-O Be7 7. Re1 O-O 8. Nbd2
Re8 9. Nf1 Nxd4 10. Nxd4 exd4 11. Bxd7 Nxd7 12. cxd4 Bf6 13. Ng3 g6 14. Be3 a5
15. Rc1 c6 16. Qd3 Bg7 17. Rcd1 d5 18. b3 a4 19. b4 Nb6 20. e5 Nc4 21. Bc1 a3
22. Qb3 Qb6 23. Ne4 dxe4 24. Qxc4 Ra4 25. Bd2 Bf8 26. Rb1 Rd8 27. Bc3 Rd5 28.
Rxe4 Qb5 29. Qb3 Qd3 30. Re3 Qb5 31. h4 Bh6 32. Ree1 Ra8 33. Rbd1 Qa4 34. Qb1
Re8 35. Rd3 Re6 36. Rf3 Bf8 37. Re4 Rd7 38. h5 Bg7 39. hxg6 hxg6 40. Re1 Rd5
41. Qc1 Qa8 42. Ba1 Bf8 43. Rxa3 Qd8 44. Rb3 Bg7 45. Rf3 Rexe5 1-0

[Event "MVP-ch Seniors op 13th"]
[Site "Binz"]
[Date "2013.11.27"]
[Round "1"]
[White "Neumann, Erwin"]
[Black "Walther, Renate"]
[Result "1-0"]
[WhiteElo "1712"]
[BlackElo "845"]
[PlyCount "49"]
[EventDate "2013.11.27"]
[EventType "swiss"]
[EventRounds "9"]
[EventCountry "GER"]
[SourceTitle "EXT 2015"]
[Source "ChessBase"]
[SourceDate "2014.11.20"]
[SourceVersion "1"]
[SourceVersionDate "2014.11.20"]
[SourceQuality "1"]

1. e4 e5 2. Nf3 Nc6 3. c3 Bc5 4. d4 Be7 5. dxe5 d6 6. exd6 cxd6 7. Bc4 Be6 8.
Bxe6 fxe6 9. O-O Nf6 10. Qb3 Qd7 11. Re1 e5 12. Bg5 O-O-O 13. Nbd2 h6 14. Bxf6
Bxf6 15. Rad1 Rhf8 16. Qd5 Qf7 17. Qxf7 Rxf7 18. Nc4 Kc7 19. Rd2 Rfd7 20. Red1
d5 21. exd5 e4 22. dxc6 bxc6 23. Rxd7+ Rxd7 24. Rxd7+ Kxd7 25. Nfd2 1-0

[Event "Remote No Engine Nah2-10 email"]
[Site "Remote email"]
[Date "2013.11.27"]
[Round "?"]
[White "Tortoza, Carlos Alberto"]
[Black "Guelker, Lorenz"]
[Result "0-1"]
[WhiteElo "1563"]
[BlackElo "2121"]
[PlyCount "58"]
[EventDate "2013.??.??"]
[EventType "tourn (corr)"]
[EventRounds "6"]
[EventCountry "GER"]
[SourceTitle "OM Corr 202003"]
[Source "Opening Master"]
[SourceDate "2019.05.30"]
[SourceVersion "2"]
[SourceVersionDate "2019.05.30"]
[SourceQuality "1"]

1. e4 e5 2. Nf3 Nc6 3. c3 Nf6 4. d3 Bc5 5. h3 O-O 6. Be2 d5 7. O-O dxe4 8. dxe4
Nxe4 9. Bd3 Nxf2 10. Qc2 Nxd3+ 11. Kh1 Re8 12. Nbd2 Bf5 13. Qb3 e4 14. Nh2 Nf2+
15. Rxf2 Bxf2 16. Nhf1 e3 17. Nf3 e2 18. Bd2 Bd3 19. Ng3 Bxg3 20. Rg1 Be4 21.
Ng5 Qxd2 22. Qxf7+ Kh8 23. Nxe4 Rxe4 24. Qf3 e1=Q 25. Rf1 Qxf1+ 26. Qxf1 Re1
27. Kg1 Bf2+ 28. Kh2 Rxf1 29. b4 Qf4+ 0-1

[Event "corr freechess"]
[Site "freechess.de"]
[Date "2013.11.27"]
[Round "?"]
[White "Priegnitz, Uwe"]
[Black "Dietrich, Dierk Henning"]
[Result "1-0"]
[WhiteElo "1450"]
[BlackElo "1355"]
[PlyCount "75"]
[EventDate "2013.??.??"]
[EventType "tourn (corr)"]
[SourceTitle "OM Corr 202003"]
[Source "Opening Master"]
[SourceDate "2019.05.30"]
[SourceVersion "2"]
[SourceVersionDate "2019.05.30"]
[SourceQuality "1"]

1. e4 e5 2. Nf3 Nc6 3. c3 Nf6 4. Qc2 d5 5. d3 dxe4 6. dxe4 Bc5 7. Be2 Be6 8.
O-O O-O 9. Rd1 h6 10. Rxd8 Raxd8 11. b4 Bb6 12. a4 a5 13. b5 Ne7 14. Nxe5 Ng6
15. Nxg6 fxg6 16. e5 Ng4 17. Qxg6 Bxf2+ 18. Kh1 Bf5 19. Qh5 Rd5 20. Bc4 c6 21.
Bxd5+ cxd5 22. h3 Nxe5 23. Nd2 Nd3 24. Ba3 Rf6 25. Qe8+ Kh7 26. Nf3 Be4 27. Nd2
Bg3 28. Nxe4 dxe4 29. Qxe4+ g6 30. Qe7+ Kg8 31. Qxf6 Nf2+ 32. Kg1 Ne4 33. Qxg6+
Kh8 34. Qxh6+ Kg8 35. c4 Nc3 36. Rf1 Ne2+ 37. Kh1 Bd6 38. Qe6+ 1-0

[Event "SWE-chT 1314"]
[Site "Sweden"]
[Date "2013.11.23"]
[Round "2.4"]
[White "Fransson, Percy"]
[Black "Hjelm, Niclas"]
[Result "0-1"]
[WhiteElo "2182"]
[BlackElo "2310"]
[PlyCount "60"]
[EventDate "2013.11.22"]
[EventType "team-tourn"]
[EventRounds "9"]
[EventCountry "SWE"]
[SourceTitle "CBM 157 Extra"]
[Source "ChessBase"]
[SourceDate "2013.12.19"]
[SourceVersion "1"]
[SourceVersionDate "2013.12.19"]
[SourceQuality "1"]
[WhiteTeam "Orgryte"]
[BlackTeam "Farsta"]
[WhiteTeamCountry "SWE"]
[BlackTeamCountry "SWE"]

1. e4 e5 2. Nf3 Nc6 3. c3 Nf6 4. d4 exd4 5. e5 Nd5 6. Qb3 Nb6 7. cxd4 d6 8. Bb5
Bd7 9. O-O Be7 10. exd6 cxd6 11. d5 Ne5 12. Nd4 O-O 13. Be2 Bf6 14. Nc3 Re8 15.
Be3 Ng6 16. Ndb5 Nc8 17. Rac1 Nh4 18. Bd3 Bh3 19. g3 Nf3+ 20. Kh1 a6 21. Na3
Bxf1 22. Bxf1 b5 23. Bg2 Nd4 24. Qd1 Nf5 25. Nc2 Bxc3 26. bxc3 Nxe3 27. Nxe3
Qf6 28. Ng4 Qg6 29. Qd4 Ne7 30. Be4 f5 0-1

[Event "SWE-chT2 1314"]
[Site "Sweden"]
[Date "2013.11.23"]
[Round "2"]
[White "Ottenklev, Niclas"]
[Black "Moberg, Karl Johan"]
[Result "1/2-1/2"]
[WhiteElo "2171"]
[BlackElo "2294"]
[PlyCount "74"]
[EventDate "2013.11.22"]
[EventType "team-tourn"]
[EventRounds "9"]
[EventCountry "SWE"]
[SourceTitle "EXT 2015"]
[Source "ChessBase"]
[SourceDate "2014.11.20"]
[SourceVersion "1"]
[SourceVersionDate "2014.11.20"]
[SourceQuality "1"]
[WhiteTeam "Norrkoping"]
[BlackTeam "Manhem"]
[WhiteTeamCountry "SWE"]
[BlackTeamCountry "SWE"]

1. e4 e5 2. Nf3 Nc6 3. c3 Nf6 4. d4 Nxe4 5. d5 Ne7 6. Nxe5 Ng6 7. Nxg6 hxg6 8.
Bd3 Nf6 9. Qf3 Rh5 10. O-O d6 11. Re1+ Re5 12. Rxe5+ dxe5 13. Bb5+ Bd7 14. Qe2
Nxd5 15. Qxe5+ Be7 16. Qxd5 c6 17. Qd4 cxb5 18. Bf4 Bc6 19. Be3 Bf6 20. Qxd8+
Rxd8 21. Nd2 b4 22. cxb4 Bxb2 23. Rb1 Bd4 24. Nb3 Bxe3 25. fxe3 Rd3 26. Kf2 Bd5
27. Rb2 Bxb3 28. axb3 a6 29. Ke2 Rc3 30. Kd2 Rc6 31. Kd3 Kd7 32. Rf2 Ke6 33.
Rf4 Rc1 34. Re4+ Kd6 35. Rf4 Ke6 36. Re4+ Kd6 37. Rf4 Ke6 1/2-1/2

[Event "corr freechess"]
[Site "freechess.de"]
[Date "2013.11.18"]
[Round "?"]
[White "Veselcic, Antonio"]
[Black "Goehring, Dietmar"]
[Result "1-0"]
[WhiteElo "1405"]
[BlackElo "1359"]
[PlyCount "43"]
[EventDate "2013.??.??"]
[EventType "tourn (corr)"]
[SourceTitle "OM Corr 202003"]
[Source "Opening Master"]
[SourceDate "2019.05.30"]
[SourceVersion "2"]
[SourceVersionDate "2019.05.30"]
[SourceQuality "1"]

1. e4 e5 2. Nf3 Nc6 3. c3 Nf6 4. d3 d6 5. g3 Be6 6. Bg2 Be7 7. O-O h6 8. Re1
O-O 9. d4 Bg4 10. d5 Na5 11. b3 c5 12. c4 b6 13. a4 Qd7 14. Nc3 a6 15. Rb1 Nb7
16. Qd3 Bh3 17. Qf1 Bxg2 18. Qxg2 Rab8 19. Nh4 Kh7 20. Nf5 Nd8 21. Qh3 Rb7 22.
Bxh6 1-0

[Event "Abierto de Primavera"]
[Site "?"]
[Date "2013.11.18"]
[Round "?"]
[White "Ferraro, Carlos"]
[Black "Conde, Adrian"]
[Result "0-1"]
[WhiteElo "2127"]
[BlackElo "2083"]
[PlyCount "82"]
[EventDate "2013.??.??"]
[SourceTitle "OM OTB B 201907"]
[Source "Opening Master"]
[SourceDate "2019.07.06"]
[SourceVersion "2"]
[SourceVersionDate "2019.07.06"]
[SourceQuality "1"]

1. e4 e5 2. Nf3 Nc6 3. c3 d5 4. Qa4 Bd7 5. exd5 Nd4 6. Qd1 Nxf3+ 7. Qxf3 Nf6 8.
d3 Bg4 9. Qg3 Qxd5 10. Bg5 Bf5 11. Nd2 O-O-O 12. Qf3 Bxd3 13. Qxd5 Rxd5 14.
Bxd3 Rxd3 15. Bxf6 gxf6 16. Ke2 Rd7 17. Ne4 f5 18. Ng3 f4 19. Nf5 Rg8 20. g3
Rg5 21. Nh4 Rh5 22. Rad1 Be7 23. Rxd7 Kxd7 24. Nf3 fxg3 25. fxg3 Ke6 26. h4 f5
27. Rg1 e4 28. Nd2 Rh6 29. Rh1 Rg6 30. Nf1 h5 31. Rh3 Bc5 32. Nd2 b5 33. Nf1 f4
34. gxf4 Rg2+ 35. Kd1 Kf5 36. Rg3 Rxg3 37. Nxg3+ Kxf4 38. Nxh5+ Kf3 39. Ng7 e3
40. Ne6 e2+ 41. Kc2 e1=Q 0-1

[Event "HUN-chT2 Barcza 1314"]
[Site "Hungary"]
[Date "2013.11.17"]
[Round "5"]
[White "Szanto, Imre"]
[Black "Bogi, Kornel Andras"]
[Result "1/2-1/2"]
[WhiteElo "1750"]
[BlackElo "1900"]
[PlyCount "65"]
[EventDate "2013.09.08"]
[EventType "team-tourn"]
[EventRounds "11"]
[EventCountry "HUN"]
[SourceTitle "EXT 2016"]
[Source "ChessBase"]
[SourceDate "2015.10.10"]
[SourceVersion "1"]
[SourceVersionDate "2015.10.10"]
[SourceQuality "1"]
[WhiteTeam "Hajduszoboszlo"]
[BlackTeam "Nyiregyhaza Piremon"]
[WhiteTeamCountry "HUN"]
[BlackTeamCountry "HUN"]

1. e4 e5 2. Nf3 Nc6 3. c3 d5 4. Bb5 Qd6 5. d4 Bd7 6. dxe5 Nxe5 7. Nxe5 Bxb5 8.
Qxd5 Qxd5 9. exd5 f6 10. Ng4 O-O-O 11. Ne3 Bc5 12. Na3 Bd3 13. c4 Nh6 14. Nec2
Ng4 15. Be3 Nxe3 16. fxe3 Rhe8 17. Kd2 Bg6 18. b4 Bd6 19. Rad1 c5 20. Nb5 Bxc2
21. Kxc2 cxb4 22. Nxa7+ Kb8 23. Nb5 Bc5 24. Rhe1 Re4 25. Nd4 Rde8 26. Nf5 Rxc4+
27. Kb2 g6 28. Ng7 Rc8 29. d6 Rd8 30. d7 Re4 31. Ne8 Re6 32. Rd3 b6 33. Ng7
1/2-1/2

[Event "SVK-chT4A22 1314"]
[Site "Slovakia"]
[Date "2013.11.17"]
[Round "4.5"]
[White "Matus, Ferenc"]
[Black "Sido, Daniel"]
[Result "1-0"]
[WhiteElo "1639"]
[BlackElo "1692"]
[PlyCount "117"]
[EventDate "2013.10.06"]
[EventType "team-tourn"]
[EventRounds "11"]
[EventCountry "SVK"]
[SourceTitle "EXT 2015"]
[Source "ChessBase"]
[SourceDate "2014.11.20"]
[SourceVersion "1"]
[SourceVersionDate "2014.11.20"]
[SourceQuality "1"]

1. e4 e5 2. Nf3 Nc6 3. c3 d6 4. h3 Nf6 5. d3 h6 6. Be2 Be7 7. Be3 Nh7 8. d4 Bf6
9. c4 O-O 10. b4 Ng5 11. Nbd2 a6 12. d5 Na7 13. Bd3 b5 14. a3 Be7 15. Bc2 f5
16. Nxg5 Bxg5 17. Qe2 f4 18. Bxa7 Rxa7 19. Nf3 Bh4 20. Bd1 c6 21. Bb3 Kh8 22.
Rd1 Rc7 23. Rc1 c5 24. O-O Re8 25. Nxh4 Qxh4 26. Qg4 Qe7 27. Qd1 Bd7 28. f3 Qg5
29. Kh1 Re6 30. Qe1 Rg6 31. Qf2 Bc8 32. Rg1 Qg3 33. Rcf1 Qg5 34. g4 Qe7 35. Rc1
cxb4 36. axb4 bxc4 37. Rxc4 Rxc4 38. Bxc4 Qc7 39. Qe2 Rf6 40. Rc1 Qb6 41. Qd2
Rf7 42. Be2 Rc7 43. Rc3 Rxc3 44. Qxc3 Qf2 45. Qxc8+ Kh7 46. Qc2 Qe1+ 47. Kg2
Qg3+ 48. Kf1 Qxh3+ 49. Ke1 Qh1+ 50. Kd2 Qg1 51. Qd1 Qh2 52. Qe1 Qg3 53. Qh1 Kg6
54. Qh5+ Kh7 55. Qf5+ Kg8 56. Qe6+ Kh8 57. Qxd6 Qh4 58. Qxa6 Qe7 59. d6 1-0

[Event "AUT-chT2M 1314"]
[Site "Austria"]
[Date "2013.11.16"]
[Round "4.1"]
[White "Supancic, Darko"]
[Black "Petschar, Kurt"]
[Result "1/2-1/2"]
[WhiteElo "2355"]
[BlackElo "2356"]
[PlyCount "58"]
[EventDate "2013.10.04"]
[EventType "team-tourn"]
[EventRounds "11"]
[EventCountry "AUT"]
[SourceTitle "EXT 2015"]
[Source "ChessBase"]
[SourceDate "2014.11.20"]
[SourceVersion "1"]
[SourceVersionDate "2014.11.20"]
[SourceQuality "1"]
[WhiteTeam "Graz Strassenbahn"]
[BlackTeam "Feffernitz"]
[WhiteTeamCountry "AUT"]
[BlackTeamCountry "AUT"]

1. e4 e5 2. Nf3 Nc6 3. c3 Nf6 4. d4 Nxe4 5. d5 Ne7 6. Nxe5 Ng6 7. Bd3 Nc5 8.
Nxg6 Nxd3+ 9. Qxd3 hxg6 10. Bf4 d6 11. O-O Be7 12. Re1 O-O 13. Na3 Bf5 14. Qd2
Bf6 15. Nc2 Qd7 16. Nd4 Rfe8 17. h3 Rxe1+ 18. Rxe1 Re8 19. Rxe8+ Qxe8 20. Nxf5
gxf5 21. c4 Qe4 22. b3 Qb1+ 23. Kh2 b6 24. g3 a5 25. h4 Qe4 26. Qe3 Qc2 27. Qd2
Qe4 28. Qe3 Qc2 29. Qd2 Qe4 1/2-1/2

[Event "Steinfurt Bezirksklasse 1314"]
[Site "Germany"]
[Date "2013.11.16"]
[Round "2.1"]
[White "Edenfeld, Werner"]
[Black "Bloem, Markus"]
[Result "0-1"]
[WhiteElo "1160"]
[BlackElo "1462"]
[PlyCount "58"]
[EventDate "2013.10.05"]
[EventType "team-tourn"]
[EventRounds "9"]
[EventCountry "GER"]
[SourceTitle "EXT 2015"]
[Source "ChessBase"]
[SourceDate "2014.11.20"]
[SourceVersion "1"]
[SourceVersionDate "2014.11.20"]
[SourceQuality "1"]
[WhiteTeam "Steinfurt IV"]
[BlackTeam "Ibbenbueren III"]
[WhiteTeamCountry "GER"]
[BlackTeamCountry "GER"]

1. e4 e5 2. Nf3 Nc6 3. c3 Nf6 4. d3 d5 5. exd5 Nxd5 6. Be2 Bd6 7. h3 O-O 8.
Nbd2 Nf4 9. Rg1 Re8 10. Ne4 Nxe2 11. Qxe2 f5 12. Nxd6 Qxd6 13. Kf1 Bd7 14. Nd2
Na5 15. f3 Bb5 16. c4 Bd7 17. b3 Nc6 18. Bb2 Nd4 19. Bxd4 exd4 20. Qf2 Re3 21.
c5 Qxc5 22. Nc4 Bb5 23. Qd2 Bxc4 24. bxc4 Rae8 25. Kf2 f4 26. Rab1 Qf5 27. Rgd1
Qg6 28. Qc2 Qe6 29. Rd2 Re1 0-1

[Event "CZE-chT1W 1314"]
[Site "Czechia"]
[Date "2013.11.10"]
[Round "2.1"]
[White "Simacek, Pavel"]
[Black "Soukup, Jiri"]
[Result "1-0"]
[WhiteElo "2485"]
[BlackElo "2325"]
[PlyCount "73"]
[EventDate "2013.10.20"]
[EventType "team-tourn"]
[EventRounds "11"]
[EventCountry "CZE"]
[SourceTitle "EXT 2015"]
[Source "ChessBase"]
[SourceDate "2014.11.20"]
[SourceVersion "1"]
[SourceVersionDate "2014.11.20"]
[SourceQuality "1"]
[WhiteTeam "Novoborsky II"]
[BlackTeam "Karlove Vary"]
[WhiteTeamCountry "CZE"]
[BlackTeamCountry "CZE"]

1. e4 e5 2. Nf3 Nc6 3. c3 Nf6 4. d4 Nxe4 5. d5 Bc5 6. dxc6 Bxf2+ 7. Ke2 bxc6 8.
Qa4 d5 9. Qxc6+ Kf8 10. Nbd2 Rb8 11. Nxe4 Bb7 12. Qa4 dxe4 13. Nxe5 Bh4 14. b3
Kg8 15. Be3 Qd6 16. Qd4 Qa3 17. Bc1 Qa5 18. Bf4 Rd8 19. Qb4 Qd5 20. Qc4 Bf6 21.
Qxd5 Rxd5 22. Rd1 g5 23. Rxd5 Bxd5 24. Bg3 h5 25. c4 Bb7 26. Nd7 Bd8 27. h4 f5
28. Nc5 Bc8 29. hxg5 Kf7 30. Bf4 Kg6 31. Ke3 Bxg5 32. Bxg5 Kxg5 33. g3 Kf6 34.
Be2 Ke5 35. Rxh5 Rg8 36. Nxe4 Bb7 37. Ng5 1-0

[Event "Warsaw YMCA Autumn-C 129th"]
[Site "Warsaw"]
[Date "2013.11.06"]
[Round "8"]
[White "Pajak, Jakub"]
[Black "Bitowt, Jacek"]
[Result "1/2-1/2"]
[WhiteElo "1722"]
[BlackElo "1750"]
[PlyCount "51"]
[EventDate "2013.09.16"]
[EventType "tourn"]
[EventRounds "13"]
[EventCountry "POL"]
[SourceTitle "EXT 2015"]
[Source "ChessBase"]
[SourceDate "2014.11.20"]
[SourceVersion "1"]
[SourceVersionDate "2014.11.20"]
[SourceQuality "1"]

1. e4 e5 2. Nf3 Nc6 3. c3 d5 4. Qa4 Bd7 5. exd5 Nd4 6. Qd1 Nxf3+ 7. Qxf3 Nf6 8.
Bc4 e4 9. Qe2 Bd6 10. d3 O-O 11. dxe4 Nxe4 12. Be3 f5 13. Nd2 Nxd2 14. Qxd2 f4
15. Bd4 Re8+ 16. Kd1 b5 17. Bd3 Qg5 18. Kc2 Qxd5 19. f3 c5 20. Bf2 Bf5 21. Rae1
Qxd3+ 22. Qxd3 Bxd3+ 23. Kxd3 Rxe1 24. Rxe1 Kf7 25. Re4 g5 26. b4 1/2-1/2

[Event "Vojvodina-chT 2nd League"]
[Site "Stari Banovci"]
[Date "2013.11.05"]
[Round "3"]
[White "Pezelj, Novak"]
[Black "Sipos, Istvan"]
[Result "1/2-1/2"]
[WhiteElo "2352"]
[BlackElo "2474"]
[PlyCount "59"]
[EventDate "2013.11.03"]
[EventType "team-tourn"]
[EventRounds "11"]
[EventCountry "SRB"]
[SourceTitle "EXT 2015"]
[Source "ChessBase"]
[SourceDate "2014.11.20"]
[SourceVersion "1"]
[SourceVersionDate "2014.11.20"]
[SourceQuality "1"]

1. e4 e5 2. Nf3 Nc6 3. c3 d5 4. Qa4 Nf6 5. Nxe5 Bd6 6. Nxc6 bxc6 7. d3 O-O 8.
Be2 Re8 9. Nd2 Bg4 10. Bxg4 Nxg4 11. Nf3 dxe4 12. dxe4 Qe7 13. O-O Qxe4 14.
Qxe4 Rxe4 15. h3 Ne5 16. Nxe5 Rxe5 17. Be3 a6 18. Rfd1 Rb8 19. b3 f6 20. Rd3
Rd5 21. Rad1 Rxd3 22. Rxd3 a5 23. b4 Rb5 24. Kf1 Kf7 25. Ke2 Ke6 26. Bd2 Re5+
27. Re3 c5 28. Rxe5+ Kxe5 29. Kd3 cxb4 30. cxb4 1/2-1/2

[Event "HUN-chT2 Barcza 1314"]
[Site "Hungary"]
[Date "2013.11.03"]
[Round "4"]
[White "Szanto, Imre"]
[Black "Acs, Kristof"]
[Result "1-0"]
[WhiteElo "1750"]
[BlackElo "1564"]
[PlyCount "39"]
[EventDate "2013.09.08"]
[EventType "team-tourn"]
[EventRounds "11"]
[EventCountry "HUN"]
[SourceTitle "EXT 2016"]
[Source "ChessBase"]
[SourceDate "2015.10.10"]
[SourceVersion "1"]
[SourceVersionDate "2015.10.10"]
[SourceQuality "1"]
[WhiteTeam "Hajduszoboszlo"]
[BlackTeam "Miskolc EMSE"]
[WhiteTeamCountry "HUN"]
[BlackTeamCountry "HUN"]

1. e4 e5 2. Nf3 Nc6 3. c3 Nf6 4. d4 exd4 5. e5 Qe7 6. cxd4 d6 7. Bb5 Bd7 8. O-O
dxe5 9. Bxc6 Bxc6 10. Nxe5 Bd5 11. Nc3 O-O-O 12. Be3 g6 13. Rc1 c6 14. Qa4 Kb8
15. Rfe1 Ka8 16. Bg5 Be6 17. Ne4 Bg7 18. Nxc6 bxc6 19. Qxc6+ Kb8 20. Bf4+ 1-0